| 000 | 00368nam a2200157Ia 4500 | ||
|---|---|---|---|
| 008 | 160316s1995 xxu||||| |||| 00| 0 eng d | ||
| 082 |
_a346.066000 _bPUL-2 |
||
| 100 | _aPuliani Ravi | ||
| 245 | _aCompanies act | ||
| 250 | _a | ||
| 260 |
_aNew Delhi _bButterworths _c1995 |
||
| 300 |
_a90 _b _c |
||
| 365 | _b | ||
| 650 | _a1.Companies Act | ||
| 700 |
_aPuliani Mahesh _a |
||
| 999 |
_c9040 _d9040 |
||